Statistics for Largest Lakes In The World With A Map

Click here to take the quiz!

General Stats

  • This quiz has been taken 344 times
  • The average score is 11 of 16

Answers on the Map

Answers color-coded by a green-red scale on the quiz's map according to % correct below.
 

Answer Stats

VolumeLake% Correct
4900km³Michigan
92%
2750km³Victoria
92%
78200km³Caspian Sea
91%
12100km³Superior
90%
8400km³Malawi
87%
3940km³Huron
85%
23600km³Baikal
84%
1639km³Ontario
83%
2236km³Great Bear
77%
893km³Titicaca
76%
1560km³Great Slave
75%
18900km³Tanganyika
71%
908km³Ladoga
55%
607km³Van
33%
5400km³Vostok
24%
1738km³Issyk-Kul
21%

Score Distribution

Percentile by Number Answered

Percent of People with Each Score

Your Score History

You have not taken this quiz